| 000 | 00736nam a22002537a 4500 | ||
|---|---|---|---|
| 001 | 0001506 | ||
| 003 | DO-SdBNP | ||
| 005 | 20180125091031.0 | ||
| 007 | 0001506 | ||
| 008 | 160615b 1969 mx xxu||||| |||| 00| 0 spa d | ||
| 040 |
_aBPMSU _bspa _cBPMSU |
||
| 092 |
_axxxxxx _bxxxxxx |
||
| 100 | 1 | _aSánchez Vásquez, Adolfo | |
| 245 | 1 | 0 |
_aÉtica / _cAdolfo Sánchez Vásquez. |
| 250 | _a40ª ed. | ||
| 260 |
_aMéxico D. F. : _bGrijalbo, _c1969. |
||
| 300 |
_a244, [245] p. _c22 cm. |
||
| 490 | 1 | _aTratados y manuales Grijalbo | |
| 504 | _aBibliografía : p. 243 - [245] | ||
| 830 | 0 | _pTratados y manuales Grijalbo | |
| 942 |
_2ddc _cBK |
||
| 945 | _ainventariado, 2018 / dg | ||
| 956 |
_2LOPEREZ _310 _620160615 _8BPMSU _a00041 |
||
| 999 |
_c10390 _d10390 |
||